000 004350000a22001810004500
003 MACL
005 20160107154844.0
008 160107b xxu||||| |||| 00| 0 eng d
040 _aMACL
_cMACL
041 _aEnglish
082 _a900
100 _aShukla, H L
_916122
245 _aSocial History of Chhattisgarh
260 _bAgam Kala Prakashan
_c1985
_aDelhi
350 _a95
650 _aHistory
_929319
942 _cBK
_k900
_2ddc
999 _c33788
_d33788